000 01286cam a2200157 4500500
005 20260329012327.0
041 _afre
042 _adc
100 1 0 _aSibony, Judith
_eauthor
245 0 0 _aHofesh Shechter, enfant de la danse
260 _c2024.
500 _a39
520 _aAuteur de nombreux essais qui vont à contresens de l’islamisme, notamment L’Islam sans soumission. Pour un existentialisme musulman () en 2008, Abdennour Bidar plaide pour un islam qui soit compatible avec l’esprit des Lumières et la laïcité. Récuser tous les enfermements idéologiques : tel pourrait être le credo de cet intellectuel passionné par le soufisme, la tradition ésotérique de l’islam. Agrégé de philosophie, membre du Comité consultatif national d’éthique et du Conseil des sages de la laïcité, Abdennour Bidar a publié en 2015 un Plaidoyer pour la fraternité () qui appelle à la rencontre et à la réconciliation des différentes traditions spirituelles de l’humanité. Entretien avec un penseur universaliste qui combat les assignations identitaires.
786 0 _nRevue des deux Mondes | Septembre | 6 | 2024-09-01 | p. 98-101 | 2266-4734
856 4 1 _uhttps://shs.cairn.info/revue-revue-des-deux-mondes-2024-6-page-98?lang=fr&redirect-ssocas=7080
999 _c1870002
_d1870002